000
00318nam a2200133Ia 4500
999
_c
6332
_d
6332
003
OSt
008
191201s2012 xx 000 0 und d
100
_a
GAMBHIR, M.L.
245
0
_a
Concrete Technology Theory and Practice
260
_a
N. delhi
_b
TMh
_c
2012
300
_a
716
650
_a
B.Tech(CE)
942
_2
ddc
_c
BK
_0
1